| 000 | 00984nam a2200265 a 4500 | ||
|---|---|---|---|
| 001 | 53066 | ||
| 003 | BD-RjUL | ||
| 005 | 20211209075913.0 | ||
| 008 | 161003r19801967ii ||||| |||| 00| 0 ben d | ||
| 020 | _c: IRs 7.50 | ||
| 035 | _a(BD-RjUL)53186 | ||
| 040 |
_aBD-RjUL _bben _cBD-RjUL |
||
| 041 | _aben | ||
| 082 |
_223 _a891.44092 _bBHK 1980 |
||
| 100 |
_aঅশোক, ভট্রাচার্য _9158597 |
||
| 245 | 1 |
_aকবি সুকান্ত / _cঅশোক ভট্রাচার্য |
|
| 250 | _a২য় সং. | ||
| 260 |
_aকলিকাতা : _bসারস্বত লাইব্রেরী, _c১৯৬৭ [মুদ্রণ ১৯৮০] |
||
| 300 |
_a৮৮ পৃ. ; _c১৯ সেমি. |
||
| 600 |
_aভট্রাচার্য, সুকান্ত, _9147611 |
||
| 600 |
_aBhatracharjo, Sukanta, _9159589 |
||
| 650 |
_aবাংলা লেখক _9135145 |
||
| 650 |
_aBengali Writer _9158599 |
||
| 942 |
_2ddc _cBK |
||
| 999 |
_c53066 _d53066 |
||